Charles H. Collis papers, (Record no. 44038)

MARC details
000 -LEADER
fixed length control field 01062cpcaa2200253 4500
001 - CONTROL NUMBER
control field mm 83084863
003 - CONTROL NUMBER IDENTIFIER
control field DLC
005 - DATE AND TIME OF LATEST TRANSACTION
control field 20260227111720.0
008 - FIXED-LENGTH DATA ELEMENTS--GENERAL INFORMATION
fixed length control field 830728|||||||||||| eng
010 ## - LIBRARY OF CONGRESS CONTROL NUMBER
LC control number mm 83084863
040 ## - CATALOGING SOURCE
Original cataloging agency DLC
Transcribing agency DLC
Description conventions dacs
Modifying agency DLC
072 #7 - SUBJECT CATEGORY CODE
Subject category code W
Source lcmd
100 1# - MAIN ENTRY--PERSONAL NAME
Personal name Collis, Charles H. T.
Fuller form of name (Charles Henry Tucky),
Dates associated with a name 1838-1902.
245 00 - TITLE STATEMENT
Title Charles H. Collis papers,
Inclusive dates 1861-1862.
300 ## - PHYSICAL DESCRIPTION
Extent 1
Type of unit item.
506 0# - RESTRICTIONS ON ACCESS NOTE
Terms governing access Open to research.
520 8# - SUMMARY, ETC.
Summary, etc. Volume containing morning reports (1861 August 25-1862 May 21) for Collis's company of Zouaves d'Afrique (later to become Co. A of the 114th Pennsylvania) in Maryland and Virginia.
546 ## - LANGUAGE NOTE
Language note Collection material in English.
610 10 - SUBJECT ADDED ENTRY--CORPORATE NAME
Corporate name or jurisdiction name as entry element United States.
Subordinate unit Army.
-- Pennsylvania Infantry Regiment, 114th (1862-1865)
651 #0 - SUBJECT ADDED ENTRY--GEOGRAPHIC NAME
Geographic name Maryland
General subdivision History
Chronological subdivision Civil War, 1861-1865.
651 #0 - SUBJECT ADDED ENTRY--GEOGRAPHIC NAME
Geographic name Virginia
General subdivision History
Chronological subdivision Civil War, 1861-1865.

No items available.

Powered by Koha